The macmillan encyclopedia / (Record no. 136987)

MARC details
000 -LEADER
fixed length control field 00481nam a22001937a 4500
010 ## - LIBRARY OF CONGRESS CONTROL NUMBER
LC control number A-436448
020 ## - INTERNATIONAL STANDARD BOOK NUMBER
International Standard Book Number 0333348079
035 ## - SYSTEM CONTROL NUMBER
System control number A-436448
037 ## - SOURCE OF ACQUISITION
Source of stock number/acquisition Cen Lib / Ret
040 ## - CATALOGING SOURCE
Original cataloging agency DPL
Language of cataloging En
082 ## - DEWEY DECIMAL CLASSIFICATION NUMBER
Classification number 030
Item number MAC
245 ## - TITLE STATEMENT
Title The macmillan encyclopedia /
260 ## - PUBLICATION, DISTRIBUTION, ETC. (IMPRINT)
Place of publication, distribution, etc New York
Name of publisher, distributor, etc Macmillan
Date of publication, distribution, etc 1986
270 ## - ADDRESS
Address Macmillan
City New York
300 ## - PHYSICAL DESCRIPTION
Extent 1336p
Dimensions 27cm(Hb)
650 ## - SUBJECT ADDED ENTRY--TOPICAL TERM
Topical term or geographic name as entry element Dictionary
650 ## - SUBJECT ADDED ENTRY--TOPICAL TERM
Topical term or geographic name as entry element Encyclopedia
942 ## - ADDED ENTRY ELEMENTS (KOHA)
Source of classification or shelving scheme Dewey Decimal Classification
Koha item type English Books
Classification part 030
Call number suffix MAC
Holdings
Withdrawn status Lost status Damaged status Not for loan Home library Current library Date acquired Source of acquisition Total Checkouts Full call number Barcode Date last seen Copy number Price effective from Koha item type
        Central Library Central Library 14/03/2016 Cen Lib/Ret   030 MAC A-436448 14/03/2016 1 14/03/2016 English Books

© Delhi Public Library
Hit Counter
free hit counter